000
00301nam a2200121Ia 4500
008
220216s9999 xx 000 0 und d
100
_a
Evans VStephen
245
0
_a
IRSG: Guiding the rubber world
260
_b
International Rubber Journal
_c
2013
300
_a
14-21
650
_a
Rubber
942
_c
JS
999
_c
61690
_d
61690